000 00635nam a22002177a 4500
003 UA-OsUOA
001 40232
007 ta
008 20060720b un ||||| |||| 00| 0 ukr d
090 _a281.9
_bР89
942 _cBK
040 _aUA-OsUOA
_cUA-OsUOA
_dUA-OsUOA
245 _aРусское православие: вехи истории
_bНауч. ред. А.И. Клибанов
300 _a719 с.
955 _a2
080 _a281.9
020 _a5-250-00246-3
260 _aМ.
_bПолитиздат
_c1989
650 7 _a281.9 Східна православна церква і скопці
_2UDC
999 _c326370
_d326370